Zdaňovanie príjmov fyzických osôb v kontexte daňového systému SR učebný text

Na minha lista:
Detalhes bibliográficos
Autor principal: Ďurinová, Ivona, 1964-
Autor Corporativo: Ekonomická univerzita v Bratislave. Bratislavská Business School - zrušené
Outros Autores: Majdúchová, Helena, 1963-, Tamáš, Ján
Formato: Livro
Idioma:eslovaco
Publicado em: Bratislava Vydavateľstvo EKONÓM 2018
Edição:1. vydanie
Assuntos:
Tags: Adicionar Tag
Sem tags, seja o primeiro a adicionar uma tag!

MARC

LEADER 00000nlm a2200000 4500
001 0252269
005 20250822113348.2
020 |a 978-80-225-4605-8 
041 0 |a slo 
044 |a SK 
245 1 0 |a Zdaňovanie príjmov fyzických osôb v kontexte daňového systému SR  |b učebný text  |c Ivona Ďurinová ; recenzenti: Helena Majdúchová, Ján Tamáš 
250 |a 1. vydanie 
264 1 |a Bratislava  |b Vydavateľstvo EKONÓM  |c 2018 
300 |a CD-ROM [80 s.] [3,68 AH] 
610 2 0 |a dane 
610 2 0 |a politika daňová 
610 2 0 |a osoby fyzické 
610 2 0 |a príjmy 
610 2 0 |a zdaňovanie 
610 2 0 |a systémy daňové 
610 2 0 |a Slovensko 
100 1 |a Ďurinová, Ivona, 1964- 
700 1 |a Majdúchová, Helena, 1963- 
700 1 |a Tamáš, Ján 
710 2 |a Ekonomická univerzita v Bratislave. Bratislavská Business School - zrušené